Modelling the Middle Ages : economic development in theory and practice /

This text surveys the most influential theoretical approaches adopted for the study of medieval economy and society. It offers an accessible introduction to medieval economic history, an up-to-date critique of established models, and a succinct treatise on historiographical method.

Bibliographic Details
Main Author: Hatcher, John
Format: eBook
Language:English
Published: Oxford : Oxford University Press, 2001.
Subjects:
Online Access:Connect to the full text of this electronic book

MARC

Tag First Indicator Second Indicator Subfields
LEADER 00000cam a2200000 a 4500
001 in00005708113
005 20260318190522.5
006 m o d
007 cr |||||||||||
008 110323s2001 enk fob 001 0 eng
040 |a Nz  |b eng  |e pn  |c UV0  |d OCLCQ  |d OTZ  |d IDEBK  |d OCLCQ  |d OCLCF  |d OCLCO  |d OCL  |d YDXCP  |d OCLCQ  |d STBDS  |d FIE  |d OCLCQ  |d YOU  |d OCLCQ  |d YDX  |d OCLCO  |d K6U  |d OCLCO  |d OCLCQ  |d OCLCO  |d OCLCL  |d OCLCQ  |d OCLCA 
019 |a 814396039  |a 824548738 
020 |a 9780191697333  |q (ebook) 
020 |a 0191697338  |q (ebook) 
020 |a 1280446579 
020 |a 9781280446573 
035 |a (OCoLC)794857725  |z (OCoLC)814396039  |z (OCoLC)824548738 
043 |a e------ 
050 4 |a PR6108.A87 
072 7 |a KC  |2 bicssc 
082 0 4 |a 940.1  |2 22 
084 |a 15.10  |2 bcl 
084 |a 15.70  |2 bcl 
084 |a NM 9300  |2 rvk 
084 |a QF 200  |2 rvk 
049 |a TXAM 
100 1 |a Hatcher, John. 
245 1 0 |a Modelling the Middle Ages :  |b economic development in theory and practice /  |c John Hatcher and Mark Bailey. 
260 |a Oxford :  |b Oxford University Press,  |c 2001. 
300 |a 1 online resource 
336 |a text  |b txt  |2 rdacontent 
337 |a computer  |b c  |2 rdamedia 
338 |a online resource  |b cr  |2 rdacarrier 
504 |a Includes bibliographical references and index. 
520 8 |a This text surveys the most influential theoretical approaches adopted for the study of medieval economy and society. It offers an accessible introduction to medieval economic history, an up-to-date critique of established models, and a succinct treatise on historiographical method. 
505 0 0 |g 1.  |t Methods and Models --  |g 2.  |t Population and Resources --  |g 3.  |t Class Power and Property Relations --  |g 4.  |t Commercialization, Markets, and Technology --  |g 5.  |t The Importance of Time and Place --  |g 6.  |t Beyond the Classic Supermodels. 
650 0 |a Middle Ages. 
651 0 |a Europe  |x Economic conditions  |y To 1492. 
651 0 |a Europe  |x Economic conditions  |y To 1492  |x Mathematical models. 
651 0 |a Europe  |x Social conditions  |y To 1492. 
650 6 |a Moyen Âge. 
651 6 |a Europe  |x Conditions économiques  |y Jusqu'à 1492. 
651 6 |a Europe  |x Conditions économiques  |y Jusqu'à 1492  |x Modèles mathématiques. 
651 6 |a Europe  |x Conditions sociales  |y Jusqu'à 1492. 
650 7 |a Economic history  |2 fast 
650 7 |a Middle Ages  |2 fast 
650 7 |a Social conditions  |2 fast 
651 7 |a Europe  |2 fast  |1 https://id.oclc.org/worldcat/entity/E39PBJxCxPbbk4CPJDQJb4r6rq 
650 7 |a Freiheit.  |2 fes 
650 7 |a Mittelalter.  |2 fes 
650 7 |a Sklaverei.  |2 fes 
650 7 |a Wirtschaft.  |2 fes 
650 7 |a Wirtschaftsgeschichte.  |2 fes 
651 7 |a Großbritannien.  |2 fes 
650 7 |a Wirtschaft  |2 gnd 
650 7 |a Wirtschaftsgeschichtsschreibung  |2 gnd 
651 7 |a England  |2 gnd 
651 7 |a Großbritannien  |2 gnd 
650 1 7 |a Economische geschiedenis.  |2 gtt 
650 1 7 |a Economische geschiedenis (wetenschap)  |2 gtt 
650 1 7 |a Modellen.  |2 gtt 
648 7 |a To 1492  |2 fast 
655 7 |a Electronic books.  |2 local 
655 7 |a History  |2 fast 
758 |i has work:  |a Modelling the Middle Ages (Text)  |1 https://id.oclc.org/worldcat/entity/E39PCFPYTwTt9QtXVb7C3KhY6C  |4 https://id.oclc.org/worldcat/ontology/hasWork 
776 0 8 |i Print version  |z 9780199244119 
856 4 0 |u http://proxy.library.tamu.edu/login?url=https://academic.oup.com/book/8848  |z Connect to the full text of this electronic book  |t 0 
936 |a BATCHLOAD 
955 |a Oxford Scholarship Online 
994 |a 92  |b TXA 
999 f f |i cfe65a94-2f30-4c98-9001-31453366b165  |s 92ad9037-d74d-4da7-9c0b-65f092611c5d  |t 0 
952 f f |a Texas A&M University  |b College Station  |c Electronic Resources  |s www_evans  |d Available Online  |t 0  |e PR6108.A87   |h Library of Congress classification 
998 f f |a PR6108.A87   |t 0  |l Available Online